000 00289nam a22001337a 4500
008 170216b xxu||||| |||| 00| 0 eng d
020 _a9781574393392
041 _aeng
080 _a615
100 _a5
101 _aSHF
245 _aDRUG FACTS COMPARISONS
_cSCHVEAIN
942 _2udc
_cBK
999 _c5705
_d5705